000 00296nam a22001337a 4500
008 180918b xxu||||| |||| 00| 0 eng d
020 _a9781890504557
041 _aeng
080 _a616.8
100 _a6
101 _aKAN
245 _aHead And Neck Cancer
_cClarke.L.K
942 _2udc
_cBK
999 _c47936
_d47936